| Tag |
First Indicator |
Second Indicator |
Subfields |
| LEADER |
00000cam a2200000Mi 4500 |
| 001 |
in00002786443 |
| 006 |
m o d |
| 007 |
cr cnu|||||||| |
| 008 |
121121t20132013caua o 001 0 eng d |
| 005 |
20250816205913.6 |
| 020 |
|
|
|a 0804784795 (electronic bk.)
|
| 020 |
|
|
|a 9780804784795 (electronic bk.)
|
| 020 |
|
|
|z 9780804778664 (cloth : alk. paper)
|
| 020 |
|
|
|z 0804778663 (cloth : alk. paper)
|
| 020 |
|
|
|z 9780804778671 (pbk. : alk. paper)
|
| 020 |
|
|
|z 0804778671 (pbk. : alk. paper)
|
| 035 |
|
|
|a (OCoLC)ocn820330898
|
| 035 |
|
|
|a (NhCcYBP)ebr10611508
|
| 035 |
|
|
|a (OCoLC)820330898
|
| 040 |
|
|
|a LGG
|c LGG
|d OCLCO
|d TXA
|d UtOrBLW
|
| 043 |
|
|
|a a-ja---
|
| 049 |
|
|
|a TXAM
|
| 050 |
|
4 |
|a GT2910
|b .S854 2013eb
|
| 082 |
0 |
4 |
|a 394.1/5
|2 23
|
| 100 |
1 |
|
|a Surak, Kristin,
|d 1976-
|e author.
|
| 245 |
1 |
0 |
|a Making tea, making Japan :
|b cultural nationalism in practice /
|c Kristin Surak.
|
| 264 |
|
1 |
|a Stanford, California :
|b Stanford University Press,
|c [2013]
|
| 264 |
|
4 |
|c ©2013
|
| 300 |
|
|
|a 1 online resource (274 pages)
|
| 336 |
|
|
|a text
|b txt
|2 rdacontent
|
| 337 |
|
|
|a computer
|b c
|2 rdamedia
|
| 338 |
|
|
|a online resource
|b cr
|2 rdacarrier
|
| 500 |
|
|
|a Description based on print version record.
|
| 588 |
|
|
|a Description based on print version record.
|
| 504 |
|
|
|a Includes bibliographical references and index.
|
| 505 |
0 |
|
|a Preparing tea : spaces, objects, performances -- Creating tea : the national transformation of a cultural practice -- Selling tea : an anatomy of the iemoto system -- Enacting tea : doing and demonstrating Japaneseness -- Beyond the tea room : toward a praxeology of nationness and nationalism.
|
| 500 |
|
|
|a Electronic resource.
|
| 650 |
|
0 |
|a Japanese tea ceremony.
|
| 650 |
|
0 |
|a Nationalism
|z Japan.
|
| 650 |
|
0 |
|a National characteristics, Japanese.
|
| 655 |
|
7 |
|a Electronic books.
|2 local
|
| 710 |
2 |
|
|a ebrary, Inc.
|
| 776 |
1 |
8 |
|c Original
|z 9780804778664
|z 0804778663
|z 9780804778671
|z 0804778671
|w (DLC) 2012021000
|
| 856 |
4 |
0 |
|u https://ebookcentral.proquest.com/lib/tamucs/detail.action?docID=1040650
|y Connect to the full text of this electronic book
|t 0
|
| 948 |
|
|
|a cataloged
|b h
|c 2013/10/24
|d c
|e jlanham
|f 12:18:46 pm
|
| 994 |
|
|
|a C0
|b TXA
|
| 999 |
f |
f |
|s 3167a057-e925-36c7-b910-f5e80b8ec45a
|i e85051d4-46c4-3dd4-931e-11a6a43eca26
|t 0
|
| 999 |
|
|
|a MARS
|
| 952 |
f |
f |
|a Texas A&M University
|b College Station
|c Electronic Resources
|d Available Online
|t 0
|e GT2910 .S854 2013eb
|h Library of Congress classification
|
| 998 |
f |
f |
|a GT2910 .S854 2013eb
|t 0
|l Available Online
|